00733nam a2200157 a 4500008004100000050001500041100001800056245011500074260009500189350000900284650004000293650001100333995009500344999001700439952011900456100510s2009 ||||||||||||||||| || u aTHESIS/MBA aManda, Paul M10aHuman resource development and workplace innovation and performance:a case of the Zambia National Tender Board aKitwebCopperbelt University, School of Business, Department of Postgraduate studiesc2009 a0.00 aHUMAN RESOURCES DEVELOPMENT--ZAMBIA aLABOUR D0.00FCBU-MAIN LIBRARY (Kitwe)H1I0.00M1UAVAILABLEWMay 10, 2010ZUniversity Collection c45927d45927 00102lcc4070a001b001cUniversity Collectiond2022-11-30l0oTHESIS/MBAp03006296r2022-11-30w2022-11-30y002